Almanaque de El Correo español para... (Record no. 2646)
[ view plain ]
| 000 -LEADER | |
|---|---|
| campo de control de longitud fija | 00773nas a2200241 i 4500 |
| 001 - NÚMERO DE CONTROL | |
| campo de control | 2646 |
| 003 - IDENTIFICADOR DE NÚMERO DE CONTROL | |
| campo de control | ES-MaACL |
| 005 - FECHA Y HORA DE LA ÚLTIMA TRANSACCIÓN | |
| campo de control | 20250709062526.0 |
| 008 - DATOS DE LONGITUD FIJA--INFORMACIÓN GENERAL | |
| campo de control de longitud fija | 950801q1890 sp ar 0 1 |spa d |
| 080 ## - NÚMERO DE LA CLASIFICACIÓN DECIMAL UNIVERSAL | |
| Número de la Clasificación Decimal Universal | 460 |
| 245 00 - MENCIÓN DEL TÍTULO | |
| Título | Almanaque de El Correo español para... |
| 246 3# - FORMA VARIANTE DEL TITULO | |
| Título propio/Titulo breve | Almanaque ilustrado de El Correo español |
| 260 ## - PUBLICACIÓN, DISTRIBUCIÓN, ETC. | |
| Lugar de publicación, distribución, etc. | Barcelona : |
| Nombre del editor, distribuidor, etc. | [s.n, |
| Fecha de publicación, distribución, etc. | 1890] ( |
| Fabricante | Est. Tip. de La Hormiga de Oro) |
| 300 ## - DESCRIPCIÓN FÍSICA | |
| Extensión | 1 v. : |
| Otras características físicas | il. ; |
| Dimensiones | 27 cm. |
| 310 ## - PERIODICIDAD ACTUAL | |
| Periodicidad actual | Anual |
| 530 ## - NOTA DISPONIBLE DE FORMULARIO FÍSICO ADICIONAL | |
| Nota de formato físico adicional disponible | Disponible en formato digital. |
| 740 32 - ENTRADA AGREGADA--TÍTULO RELACIONADO/ANALÍTICO NO CONTROLADO | |
| Título relacionado o analítico no controlado | El Correo español. |
| 852 4# - LOCALIZACIÓN | |
| Ubicación | ES-MaACL |
| Número de control de estantería | T-518-F-6 |
| 856 4# - LOCALIZACIÓN Y ACCESO ELECTRÓNICOS | |
| Identificador Uniforme de Recursos | <a href="https://prensahistorica.mcu.es/es/consulta/registro.do?id=1029744">https://prensahistorica.mcu.es/es/consulta/registro.do?id=1029744</a> |
| Nota pública | Biblioteca Virtual de Prensa Histórica |
| 866 #0 - MENCIÓN TEXTUAL DE FONDOS--UNIDAD BIBLIOGRÁFICA BÁSICA | |
| Fondos | 1890. |
| 942 ## - ELEMENTOS DE ENTRADA SECUNDARIOS (KOHA) | |
| Fuente del sistema de clasificación o colocación | Clasificación decimal universal |
| Tipo de ítem Koha | Revista |
| Estatus retirado | Estado de pérdida | Fuente del sistema de clasificación o colocación | Estado de daño | No para préstamo | Colección | Biblioteca de origen | Biblioteca actual | Ubicación en estantería | Fecha de adquisición | Total de préstamos | Signatura topográfica completa | Código de barras | Visto por última vez | Precio de reemplazo | Tipo de ítem Koha |
|---|---|---|---|---|---|---|---|---|---|---|---|---|---|---|---|
| Clasificación decimal universal | Periódicos y Revistas | Biblioteca del Ateneo de Madrid | Biblioteca del Ateneo de Madrid | Depósito folletos | 17/01/2008 | T-518-F-6 | 1002691 | 23/02/2023 | 23/02/2023 | Revista |
